Dopady globalizácie na ekonomiku rozvojových štátov v období svetovej hospodárskej krízy
Globalizácia a rozvojové štáty. Svetová hospodárska kríza. Pozitívne a negatívne dopady globalizácie.
Na minha lista:
| Autor principal: | |
|---|---|
| Formato: | Capítulo de Livro |
| Idioma: | eslovaco |
| Assuntos: | |
| Tags: |
Sem tags, seja o primeiro a adicionar uma tag!
|
MARC
| LEADER | 00000nla$a2200000$$$4500 | ||
|---|---|---|---|
| 001 | 0120490 | ||
| 005 | 20240502072345.1 | ||
| 041 | 0 | |a slo | |
| 044 | |a SK | ||
| 245 | 1 | 0 | |a Dopady globalizácie na ekonomiku rozvojových štátov v období svetovej hospodárskej krízy |c Ľubomíra Károlyiová |
| 520 | |a Globalizácia a rozvojové štáty. Svetová hospodárska kríza. Pozitívne a negatívne dopady globalizácie. | ||
| 610 | 2 | 0 | |a globalizácia |
| 610 | 2 | 0 | |a globalizácia hospodárstva |
| 610 | 2 | 0 | |a kríza hospodárska |
| 610 | 2 | 0 | |a krajiny rozvojové |
| 610 | 2 | 0 | |a chudoba |
| 610 | 2 | 0 | |a nerovnosť sociálna |
| 610 | 2 | 0 | |a nezamestnanosť |
| 100 | 1 | |a Károlyiová, Ľubomíra | |